| 000 | 00523nam a2200169 i 4500 | ||
|---|---|---|---|
| 001 | 126811 | ||
| 003 | ES-MaACL | ||
| 005 | 20240510063115.0 | ||
| 007 | t| | ||
| 008 | 070214s1910 sp a |||| | gao d | ||
| 100 | 1 |
_aRibalta, Aurelio, _d1864-1940 _996710 |
|
| 245 | 1 | 0 |
_aLibro de konsagrazion _b: feixe de poesias gallegas / _cpor Don Aurelio Ribalta. |
| 260 |
_aMadrid : _b[s. n.], _c1910 ( _fFiz Moliner) |
||
| 300 |
_a168 p. : _bil. ; _c18 x 12 cm. |
||
| 852 |
_aES-MaACL _jD-2708 |
||
| 999 |
_c126811 _d126811 |
||